ARQUEOS (Registro nro. 106)
[ vista simple ]
| 000 -CABECERA | |
|---|---|
| Campo de control de longitud fija | 00814nam a2200277ua 4500 |
| 003 - IDENTIFICADOR DE NÚMERO DE CONTROL | |
| Campo de control | armpcda |
| 005 - FECHA Y HORA DE LA ÚLTIMA MODIFICACIÓN | |
| control field | 20160802124634.0 |
| 040 ## - FUENTE DE CATALOGACIÓN | |
| Centro de catalogación original | armpcda |
| Lenguaje de catalogación | spa |
| Centro que realiza la transcripción | armpcda |
| 041 ## - CÓDIGO DE LENGUAJE | |
| Language code of text/sound track or separate title | spa |
| 020 ## - NUMERO INTERNACIONAL NORMALIZADO PARA LIBROS (ISBN) | |
| International Standard Book Number | 8482662899 |
| 001 - NÚMERO DE CONTROL | |
| Campo de control | 000380 |
| 008 - ELEMENTOS DE LONGITUD FIJA INFORMACIÓN GENERAL | |
| Campo de control de longitud fija | 136020s2002 ||||||||||||||000 | spa|| |
| 110 2# - Asiento principal- Entidad corporativa | |
| Nombre de la Entidad o nombre de la Jurisdicción como elemento de entrada. | Instituto Andaluz del Patrimonio Histórico |
| 245 10 - Mención de Título | |
| Título | ARQUEOS |
| Resto del título | sistema de información del Patrimonio Arqueológico de Andalucía |
| Mención de responsabilidad | editado por Silvia Fernández Cacho |
| 260 ## - Publicación, Distribución, Etc. (Pie de imprenta) | |
| Lugar de publicación, distribución, etc. | Granada |
| Nombre del editor, distribuidor, etc. | Junta de Andalucía |
| Fecha de publicación, distribución, etc. | 2002 |
| 300 0# - Descripción física | |
| Extensión | 219 p. |
| Otras características físicas | il. col. ; 24 cm. |
| Material anejo | 1 mapa |
| 490 #0 - SERIES STATEMENT | |
| Series statement | Cuadernos |
| -- | Técnicos |
| Volume number/sequential designation | 6 |
| 650 #4 - Punto de acceso adicional de materia -Término de materia | |
| Término de materia o nombre geográfico como elemento inicia | SISTEMAS DE INFORMACION |
| 650 #4 - Punto de acceso adicional de materia -Término de materia | |
| Término de materia o nombre geográfico como elemento inicia | PATRIMONIO ARQUEOLOGICO |
| 650 #4 - Punto de acceso adicional de materia -Término de materia | |
| Término de materia o nombre geográfico como elemento inicia | GESTION |
| 650 #4 - Punto de acceso adicional de materia -Término de materia | |
| Término de materia o nombre geográfico como elemento inicia | PRODUCTOS |
| 650 #4 - Punto de acceso adicional de materia -Término de materia | |
| Término de materia o nombre geográfico como elemento inicia | SERVICIOS |
| 651 #4 - Punto de acceso adicional de materia -Nombre geográfico | |
| Nombre geográfico | ANDALUCIA |
| 942 ## - ADDED ENTRY ELEMENTS (KOHA) | |
| Koha item type | LIBRO |
| Source of classification or shelving scheme | |
| 901 ## - LOCAL DATA ELEMENT A, LDA (RLIN) | |
| a | n |
| b | m |
| Withdrawn status | Lost status | Damaged status | Not for loan | Home library | Current library | Date acquired | Total Checkouts | Full call number | Barcode | Date last seen | Price effective from | Koha item type |
|---|---|---|---|---|---|---|---|---|---|---|---|---|
| Disponible para préstamo | Centro de Documentación FAUD | Centro de Documentación FAUD | 02/08/2016 | IAPH 6 | 000131 | 02/08/2016 | 02/08/2016 | LIBRO |